| 000 -LEADER |
| fixed length control field |
03819nam a2200313 4500 |
| 040 ## - CATALOGING SOURCE |
| Transcribing agency |
NSHS |
| 082 ## - DEWEY DECIMAL CLASSIFICATION NUMBER |
| Classification number |
423 |
| Author Mark |
QUR |
| 100 ## - MAIN ENTRY--PERSONAL NAME |
| Personal name |
Qureshi, Prof Basheer Ahmad |
| 9 (RLIN) |
130111 |
| 245 ## - TITLE STATEMENT |
| Title |
Kitabistan's Concise English Dictionary / |
| Remainder of title |
Kitabistan ka Mukhtasir Angrezi Lughat: |
| Statement of responsibility, etc. |
Prof Basheer Ahmad Qureshi |
| 260 ## - PUBLICATION, DISTRIBUTION, ETC. |
| Place of publication, distribution, etc. |
Lahore : |
| Name of publisher, distributor, etc. |
Kitabistan Publishing Company, |
| Date of publication, distribution, etc. |
[n.d] |
| 300 ## - PHYSICAL DESCRIPTION |
| Extent |
viii, 480 pages; |
| 500 ## - GENERAL NOTE |
| General note |
DC010725 |
| 520 ## - SUMMARY, ETC. |
| Summary, etc. |
Kitabistan's Concise English Dictionary is a student-friendly, compact English-to-English dictionary designed for quick and easy reference. It provides clear definitions of common English words, along with their parts of speech and simple usage examples. The dictionary is especially helpful for learners in South Asia, as it uses straightforward language without complex grammar or technical jargon. Ideal for school and college students, it supports vocabulary building, comprehension, and writing skills. Published by Kitabistan Publishers, it is widely used in academic settings where English is taught as a second language.<br/><br/>Kitabistan's Concise English Dictionary is a student-friendly, compact English-to-English dictionary designed for quick and easy reference. It provides clear definitions of common English words, along with their parts of speech and simple usage examples. The dictionary is especially helpful for learners in South Asia, as it uses straightforward language without complex grammar or technical jargon. Ideal for school and college students, it supports vocabulary building, comprehension, and writing skills. Published by Kitabistan Publishers, it is widely used in academic settings where English is taught as a second language.<br/><br/><br/><br/><br/><br/><br/><br/>Kitabistan's Concise English Dictionary is a student-friendly, compact English-to-English dictionary designed for quick and easy reference. It provides clear definitions of common English words, along with their parts of speech and simple usage examples. The dictionary is especially helpful for learners in South Asia, as it uses straightforward language without complex grammar or technical jargon. Ideal for school and college students, it supports vocabulary building, comprehension, and writing skills. Published by Kitabistan Publishers, it is widely used in academic settings where English is taught as a second language.<br/><br/><br/><br/><br/><br/>Kitabistan's Concise English Dictionary is a student-friendly, compact English-to-English dictionary designed for quick and easy reference. It provides clear definitions of common English words, along with their parts of speech and simple usage examples. The dictionary is especially helpful for learners in South Asia, as it uses straightforward language without complex grammar or technical jargon. Ideal for school and college students, it supports vocabulary building, comprehension, and writing skills. Published by Kitabistan Publishers, it is widely used in academic settings where English is taught as a second language.<br/><br/><br/><br/><br/><br/> |
| 546 ## - LANGUAGE NOTE |
| Language note |
In English & Urdu |
| 600 ## - SUBJECT ADDED ENTRY--PERSONAL NAME |
| Personal name |
Qureshi, Prof Basheer Ahmad |
| 9 (RLIN) |
130111 |
| 650 ## - SUBJECT ADDED ENTRY--TOPICAL TERM |
| Topical term or geographic name entry element |
English language -- Dictionaries. |
| 650 ## - SUBJECT ADDED ENTRY--TOPICAL TERM |
| Topical term or geographic name entry element |
English language -- Lexicography. |
| 9 (RLIN) |
130112 |
| 650 ## - SUBJECT ADDED ENTRY--TOPICAL TERM |
| Topical term or geographic name entry element |
English language-- Handbooks, manuals, etc |
| 9 (RLIN) |
130113 |
| 650 ## - SUBJECT ADDED ENTRY--TOPICAL TERM |
| Topical term or geographic name entry element |
English language -- dictionaries. |
| 650 ## - SUBJECT ADDED ENTRY--TOPICAL TERM |
| Topical term or geographic name entry element |
English language -- History -- Dictionaries. |
| 9 (RLIN) |
130114 |
| 650 ## - SUBJECT ADDED ENTRY--TOPICAL TERM |
| Topical term or geographic name entry element |
English language -- Dictionaries -- Urdu |
| 9 (RLIN) |
47125 |
| 650 ## - SUBJECT ADDED ENTRY--TOPICAL TERM |
| Topical term or geographic name entry element |
Encyclopedias and dictionaries -- History and criticism. |
| 9 (RLIN) |
130115 |
| 650 ## - SUBJECT ADDED ENTRY--TOPICAL TERM |
| Topical term or geographic name entry element |
Lexicography. |
| 9 (RLIN) |
130116 |
| 650 ## - SUBJECT ADDED ENTRY--TOPICAL TERM |
| Topical term or geographic name entry element |
Lexicography -- Dictionaries. |
| 9 (RLIN) |
130117 |
| 650 ## - SUBJECT ADDED ENTRY--TOPICAL TERM |
| Topical term or geographic name entry element |
English language -- Urdu -- dictionaries |
| 9 (RLIN) |
130118 |
| 650 ## - SUBJECT ADDED ENTRY--TOPICAL TERM |
| Topical term or geographic name entry element |
English-speaking countrie s-- Civilization -- Dictionaries |
| 9 (RLIN) |
130119 |
| 942 ## - ADDED ENTRY ELEMENTS (KOHA) |
| Source of classification or shelving scheme |
|
| Koha item type |
Book |